Titulares del Campeón de la NBA - Estadísticas

Estadísticas generales
  • Esta prueba ha sido intentada 573 veces
  • La puntuación promedio es 35 de 95
Estadísticas de respuestas
Player % Correcto
Stephen Curry
99%
LeBron James
93%
G. Antetokounmpo
90%
Klay Thompson
83%
Michael Jordan
83%
Kobe Bryant
81%
Kevin Durant
80%
Tim Duncan
79%
Draymond Green
76%
Shaquille O'Neal
76%
Kawhi Leonard
74%
Anthony Davis
73%
Pau Gasol
71%
Dirk Nowitzki
70%
Tony Parker
69%
Scottie Pippen
68%
Kyrie Irving
67%
Dennis Rodman
65%
Kevin Garnett
65%
Marc Gasol
65%
Brook Lopez
60%
Jrue Holiday
60%
Paul Pierce
60%
Chris Bosh
59%
Hakeem Olajuwon
59%
Manu Ginobili
58%
Ray Allen
57%
Khris Middleton
56%
Kevin Love
55%
Dwyane Wade
54%
David Robinson
52%
Rajon Rondo
51%
Andrew Wiggins
50%
Jason Kidd
49%
Kyle Lowry
49%
Andre Iguodala
47%
Ben Wallace
47%
Kevon Looney
44%
Danny Green
41%
Pascal Siakam
40%
J.R. Smith
38%
Dwight Howard
37%
Isiah Thomas
37%
Tristan Thompson
36%
Zaza Pachulia
34%
Derek Fisher
33%
Chauncey Billups
32%
Rasheed Wallace
29%
Richard Hamilton
27%
Joe Dumars
26%
Mario Chalmers
26%
Horace Grant
24%
Toni Kukoc
24%
Bill Laimbeer
22%
Ron Artest
22%
Ron Harper
22%
Boris Diaw
21%
Harrison Barnes
21%
JaVale McGee
21%
J.J. Barea
21%
Kendrick Perkins
21%
P.J. Tucker
21%
Andrew Bynum
20%
Robert Horry
19%
Clyde Drexler
18%
Rick Fox
18%
Luc Longley
17%
Tyson Chandler
17%
Bill Cartwright
16%
Bruce Bowen
16%
Jason Williams
16%
John Paxson
16%
Shawn Marion
16%
B.J. Armstrong
15%
Udonis Haslem
15%
Fabricio Oberto
13%
Mark Aguirre
13%
Kenny Smith
12%
Mike Miller
12%
K. Caldwell-Pope
11%
Shane Battier
11%
Trevor Ariza
11%
Sean Elliott
10%
Mario Elie
8%
Tayshaun Prince
8%
Avery Johnson
7%
A.C. Green
6%
Antoine Walker
6%
Glen Rice
6%
Nazr Mohammed
6%
Stephen Jackson
6%
James Edwards
5%
Michael Finley
3%
Otis Thorpe
2%
Vernon Maxwell
2%
No se encontraron pruebas coincidentes
Distribución de puntuación
Porcentaje de gente con cada puntuación
Porcentaje por número respondido
Historial de tus puntuaciones
No has intentado esta prueba.